| 000 | 00000cam 2200000zi 4500 |
| 001 | 9.960804 |
| 003 | CaOODSP |
| 005 | 20260604125553 |
| 006 | m o d f |
| 007 | cr cn |||||||| |
| 008 | 260310t20262026oncd o f000 0 eng d |
| 020 | |a9780660989013 |
| 040 | |aCaOODSP|beng|erda|cCaOODSP |
| 043 | |an-cn--- |
| 086 | 1 |aM4-290/2026E-PDF |
| 245 | 00|aCanadians' awareness, knowledge and attitudes related to zero-emission vehicles (ZEVs) - 2026 : |bfinal report. |
| 264 | 1|aOttawa : |bNatural Resources Canada = Ressources naturelles Canada, |c2026. |
| 264 | 4|c©2026 |
| 300 | |a1 online resource (85 pages) : |bcharts |
| 336 | |atext|btxt|2rdacontent |
| 337 | |acomputer|bc|2rdamedia |
| 338 | |aonline resource|bcr|2rdacarrier |
| 500 | |aIssued also in French under title: Sensibilisation, connaissances et attitudes des Canadiens par rapport aux véhicules à émission zéro (VEZ) - 2026 : rapport final. |
| 500 | |aPrepared for Natural Resources Canada. |
| 500 | |a"Supplier: EKOS RESEARCH ASSOCIATES INC." |
| 500 | |a"Contract Number: CW2423944." |
| 500 | |a"Registration Number: POR 046-25. " |
| 650 | 0|aElectric vehicles|zCanada|xPublic opinion. |
| 650 | 0|aPublic opinion|zCanada. |
| 710 | 1 |aCanada. |bNatural Resources Canada, |eissuing body. |
| 710 | 2 |aEkos Research Associates, |econsultant. |
| 775 | 08|tSensibilisation, connaissances et attitudes des Canadiens par rapport aux véhicules à émission zéro (VEZ) - 2026 : |w(CaOODSP)9.960803 |
| 856 | 40|qPDF|s1.10 MB|uhttps://publications.gc.ca/collections/collection_2026/rncan-nrcan/M4-290-2026-eng.pdf|z(report) |
| 856 | 4 |qHTML|sN/A|uhttps://epe.lac-bac.gc.ca/100/200/301/pwgsc-tpsgc/por-ef/natural_resources/2026/046-25-e/POR-046-25-report.html|z(report) |
| 856 | 4 |qHTML|sN/A|uhttps://epe.lac-bac.gc.ca/100/200/301/pwgsc-tpsgc/por-ef/natural_resources/2026/046-25-e/index.html|z(Complete dataset) |